Los caminos al Rio Magdalena : (Registro nro. 11547)
[ vista simple ]
| 000 -LEADER | |
|---|---|
| fixed length control field | 01159nam a2200277Ia 4500 |
| 003 - CONTROL NUMBER IDENTIFIER | |
| control field | OSt |
| 005 - DATE AND TIME OF LATEST TRANSACTION | |
| control field | 20210420134735.0 |
| 008 - FIXED-LENGTH DATA ELEMENTS--GENERAL INFORMATION | |
| fixed length control field | 210310s2000 ck gr 000 0 spa d |
| 020 ## - INTERNATIONAL STANDARD BOOK NUMBER | |
| International Standard Book Number | 9589682928 |
| 040 ## - CATALOGING SOURCE | |
| Original cataloging agency | CO-JMCR |
| Transcribing agency | CO-JMCR |
| 041 0# - LANGUAGE CODE | |
| Language code of text/sound track or separate title | spa |
| 082 04 - DEWEY DECIMAL CLASSIFICATION NUMBER | |
| Classification number | 986.116 / |
| Item number | R175c |
| Edition number | 23 |
| 100 1# - MAIN ENTRY--PERSONAL NAME | |
| Personal name | Ramos Peñuela, Aristides, |
| Relator term | autor |
| 9 (RLIN) | 25812 |
| 245 14 - TITLE STATEMENT | |
| Title | Los caminos al Rio Magdalena : |
| Remainder of title | la frontera del Carare y del Opón 1760-1860 / |
| Statement of responsibility, etc. | Aristides Ramos Peñuela |
| 250 ## - EDITION STATEMENT | |
| Edition statement | Primera edición |
| 260 ## - PUBLICATION, DISTRIBUTION, ETC. | |
| Place of publication, distribution, etc. | Bogotá : |
| Name of publisher, distributor, etc. | Instituto Colombiano de Cultura Hispánica, |
| Date of publication, distribution, etc. | 2000. |
| 300 ## - PHYSICAL DESCRIPTION | |
| Extent | 178 páginas : |
| Other physical details | ilustraciones y mapas en blanco y negro ; |
| Dimensions | 23 cm. |
| 490 0# - SERIES STATEMENT | |
| Series statement | Ediciones de Cultura Hispánica. |
| 500 ## - GENERAL NOTE | |
| General note | Datos biográficos del autor en solapa frontal. |
| 504 0# - BIBLIOGRAPHY, ETC. NOTE | |
| Bibliography, etc. note | Bibliografía : páginas 167-178. |
| 505 0# - FORMATTED CONTENTS NOTE | |
| Formatted contents note | Economía y población. -- Caminos al Magdalena. -- La región del caribe. -- El caribe. -- La frontera del opón en la primera mitad del siglo XIX. |
| 650 14 - SUBJECT ADDED ENTRY--TOPICAL TERM | |
| Topical term or geographic name entry element | Asentamiento de tierras |
| 9 (RLIN) | 25814 |
| 650 24 - SUBJECT ADDED ENTRY--TOPICAL TERM | |
| Topical term or geographic name entry element | Vida de frontera y pionera |
| 9 (RLIN) | 36792 |
| 650 24 - SUBJECT ADDED ENTRY--TOPICAL TERM | |
| Topical term or geographic name entry element | Valle del río Magdalena |
| Geographic subdivision | Colombia |
| 9 (RLIN) | 37013 |
| 942 ## - ADDED ENTRY ELEMENTS (KOHA) | |
| Source of classification or shelving scheme | Dewey Decimal Classification |
| Koha item type | Books |
| Withdrawn status | Lost status | Source of classification or shelving scheme | Damaged status | Not for loan | Home library | Current library | Shelving location | Date acquired | Source of acquisition | Full call number | Barcode | Date last seen | Copy number | Price effective from | Koha item type |
|---|---|---|---|---|---|---|---|---|---|---|---|---|---|---|---|
| Dewey Decimal Classification | Biblioteca Pública José María del Castillo y Rada | Biblioteca Pública José María del Castillo y Rada | General Stacks | 04/15/2018 | Donación | 986.116 / R175c | 430011650 | 05/16/2024 | Ej.1 | 03/10/2021 | Books |